000 01149aam a2200313 i 4500
001 768714001
003 CO-MdFUSB
005 20230127120219.0
008 210911t2002 uk ||||| |||| 00| 0 eng d
020 _a1-903689-06-6
040 _bspa.
_aCO-MdFUSB
_cCO-MdFUSB
_dCO-MdFUSBC
_erda
041 _aeng
082 0 4 _a700
_bR7774a
100 _aRookmaaker, Hans R.
_eautor
245 1 0 _aArt, artists and gauguin
_c/ Hans R. Rookmaaker ; editado por Marleen ‎Hengelaar-Rookmaaker
260 _aCarlisle, United Kingdom : Piquant
264 1 _aCarlisle, United Kingdom :
_bPiquant,
_c[2002]
264 4 _c© 2002
300 _a441 Pag.
_c;
336 _2rdacontent
_atexto
_btxt
337 _2rdamedia
_asin mediación
_bn
338 _2rdacarrier
_avolumen
_bnc
505 _aPrólogo / Jeremy Begbie. -- HR Rookmaaker: la configuración de su pensamiento, una introducción / Graham Birtwistle. -- Parte 1. Gauguin y la teoría del arte del siglo XIX (Teorías sintéticas del arte)
653 _aArt
653 _aArtist and gaugin
700 _95610
_aHengelaar-Rookmaaker, Marleen ‎
_eeditor
942 _cBK
945 _aJTF-925
999 _c31918
_d31918